La responsabilidad social (Record no. 67927)

MARC details
000 -LEADER
campo de control de longitud fija 00775nam a2200181 i 4500
001 - NÚMERO DE CONTROL
campo de control 67927
003 - IDENTIFICADOR DE NÚMERO DE CONTROL
campo de control ES-MaACL
005 - FECHA Y HORA DE LA ÚLTIMA TRANSACCIÓN
campo de control 20250717065628.0
007 - CAMPO FIJO DE DESCRIPCIÓN FÍSICA--INFORMACIÓN GENERAL
campo de control de longitud fija t|
008 - DATOS DE LONGITUD FIJA--INFORMACIÓN GENERAL
campo de control de longitud fija 040216s1917 sp ||||1| spa d
100 1# - ENTRADA PRINCIPAL--NOMBRE DE PERSONA
Nombre de persona Gallo de Renovales, José.
9 (RLIN) 53637
245 13 - MENCIÓN DEL TÍTULO
Título La responsabilidad social
Resto del título : discurso pronunciado el día 29 de octubre de 1917 en la sesión inaugural de las Academias de la Congregación de Nuestra Señora del Buen Consejo y San Luis Gonzaga /
Mención de responsabilidad, etc. por el académico de sociología José Gallo de Renovales... ; precedido de una carta del R.P. Castañar, S.J.
260 ## - PUBLICACIÓN, DISTRIBUCIÓN, ETC.
Lugar de publicación, distribución, etc. Madrid :
Nombre del editor, distribuidor, etc. Juventud Española,
Fecha de publicación, distribución, etc. 1917.
300 ## - DESCRIPCIÓN FÍSICA
Extensión 19 p. ;
Dimensiones 23 cm.
650 #7 - PUNTO DE ACCESO ADICIONAL DE MATERIA--TÉRMINO DE MATERIA
Término de materia o nombre geográfico como elemento de entrada Problemas sociales
Fuente del encabezamiento o término embne
9 (RLIN) 16415
852 ## - LOCALIZACIÓN
Ubicación ES-MaACL
Número de control de estantería 1560-F-21
Holdings
Estatus retirado Estado de pérdida Estado de daño No para préstamo Colección Biblioteca de origen Biblioteca actual Ubicación en estantería Fecha de adquisición Fuente de adquisición Total de préstamos Signatura topográfica completa Código de barras Visto por última vez Precio de reemplazo Tipo de ítem Koha
        Colección de folletos Biblioteca del Ateneo de Madrid Biblioteca del Ateneo de Madrid Depósito folletos 17/01/2008     1560-F-21 1071118 23/02/2023 23/02/2023 Folleto